Revolt Studies: (Record no. 196560)

MARC details
000 -LEADER
fixed length control field 00515nam a2200181 4500
005 - DATE AND TIME OF LATEST TRANSACTION
control field 20230818143053.0
010 ## - LCCN (DPL NO)
LC control number ENG-137416
020 ## - INTERNATIONAL STANDARD BOOK NUMBER
International Standard Book Number 8187891947
Terms of availability 350.00
035 ## - SYSTEM CONTROL NUMBER
System control number EN-120948
037 ## - SOURCE OF ACQUISITION
Source of stock number/acquisition DBAD/PUB
082 ## - DEWEY DECIMAL CLASSIFICATION NUMBER
Classification number 954.083
100 ## - MAIN ENTRY--PERSONAL NAME
Fuller form of name Palit,Chittabrata
245 ## - TITLE STATEMENT
Title Revolt Studies:
Statement of responsibility, etc by Chittabrata Palit
Remainder of title Vol.III
260 ## - PUBLICATION, DISTRIBUTION, ETC. (IMPRINT)
Place of publication, distribution, etc Kolkata
Name of publisher, distributor, etc Tandrita Chandra
Date of publication, distribution, etc 2010
270 ## - ADDRESS
Address 59/5A Garfa Main Road
City Kolkata
Postal code 700075
300 ## - PHYSICAL DESCRIPTION
Extent 160p.
Dimensions 22cm(pbk)
942 ## - ADDED ENTRY ELEMENTS (KOHA)
Source of classification or shelving scheme Dewey Decimal Classification
Item type English Books
Classification part 954.083
Call number suffix PAL
Holdings
Withdrawn status Lost status Not for loan Collection code Home library Current library Date acquired Source of acquisition Cost, normal purchase price Full call number Barcode Copy number Cost, replacement price Koha item type
      Non-fiction R.K.Puram-8 R.K.Puram-8 17/07/2023 DBAD/PUB 350.00 954.083 PAL EN-120948 1 350.00 English Books

© Delhi Public Library
Hit Counter
free hit counter